عرض عادي
عرض مارك
- Stanat, Donald F.,
مدخل إسم شخص
001 - رقم الضبط
- حقل الضبط: 5056
003 - معرف رقم الضبط
- حقل الضبط: OSt
005 - تاريخ ووقت أخر عملية
- حقل الضبط: 20110929021415.0
008 - عناصر بيانات ثابتة الطول
- حقل تحكم ثابت الطول: 110929|||a|||||| | ||| d
040 ## - مصدر الفهرسة
- هيئة الفهرسة الأصلية: OSt
- وكالة الكتابة: OSt
100 ## - مدخل -- أسم شخص
- إسم شخص: Stanat, Donald F.,
- تواريخ مرتبطة بالاسم: 1937-
670 ## - بيانات المصدر موجوده
- الاستشهاد بالمصدر: Work cat.: (OSt)0: Stanat, Donald F., 1937-, Discrete mathematics in computer science /, c1977.
